000 00318nam a22001457a 4500
008 230127b ||||| |||| 00| 0 eng d
020 _a9781119231332
041 _aeng
080 _a311
082 _a311TIN
100 _a25
101 _aSTATIC
245 _aSTATISTICAL INVESTIGATIONS
_cTINTLE
942 _2udc
_cBK
999 _c59287
_d59287